Breeding for milk production in tropical cattle / (Record no. 8048)

MARC details
000 -LEADER
fixed length control field 00879cam a22002411 4500
001 - CONTROL NUMBER
control field BD-DhSAU 8048
003 - CONTROL NUMBER IDENTIFIER
control field BD-DhSAU
005 - DATE AND TIME OF LATEST TRANSACTION
control field 20150530163744.0
008 - FIXED-LENGTH DATA ELEMENTS--GENERAL INFORMATION
fixed length control field 800319s1966 enkafk b 000 0 eng
040 ## - CATALOGING SOURCE
Original cataloging agency BD-DhSAU
082 ## - DEWEY DECIMAL CLASSIFICATION NUMBER
Classification number 636.082
Edition number 22
Item number MAB
100 1# - MAIN ENTRY--PERSONAL NAME
Personal name Mahadevan, Pararajasingham.
245 10 - TITLE STATEMENT
Title Breeding for milk production in tropical cattle /
Statement of responsibility, etc. by P. Mahadevan.
260 ## - PUBLICATION, DISTRIBUTION, ETC. (IMPRINT)
Place of publication, distribution, etc. Farnham Royal :
Name of publisher, distributor, etc. Commonwealth Agricultural Bureaux ,
Date of publication, distribution, etc. 1966.
300 ## - PHYSICAL DESCRIPTION
Extent ix, 154 p.:
Other physical details ill. ;
Dimensions 22 cm.
490 1# - SERIES STATEMENT
Series statement Technical communication of the Commonwealth Bureau of Animal Breeding and Genetics, Edinburgh,
Volume/sequential designation no. 17
504 ## - BIBLIOGRAPHY, ETC. NOTE
Bibliography, etc Bibliography: p. 141-154.
590 ## - Name of Cataloguer
Name of Cataloger imran
650 #0 - SUBJECT ADDED ENTRY--TOPICAL TERM
Topical term or geographic name as entry element Dairy cattle
General subdivision Breeding
Geographic subdivision Tropics.
650 #0 - SUBJECT ADDED ENTRY--TOPICAL TERM
Topical term or geographic name as entry element Milk yield.
810 2# - SERIES ADDED ENTRY--CORPORATE NAME
Corporate name or jurisdiction name as entry element Commonwealth Bureau of Animal Breeding and Genetics.
Title of a work Technical communication ;
Volume/sequential designation no. 17.
942 ## - ADDED ENTRY ELEMENTS (KOHA)
Source of classification or shelving scheme Dewey Decimal Classification
Koha item type Book
Holdings
Withdrawn status Lost status Source of classification or shelving scheme Damaged status Not for loan Home library Branch Name Shelving location Date acquired Total Checkouts Full call number Barcode Date last seen Price effective from Koha item type
    Dewey Decimal Classification   Not For Loan SAU Library SAU Library Reference 28/11/1978   636.082 MAB 1818 30/05/2015 30/05/2015 Book